| 000 | 00818cab a2200241 4500 | ||
|---|---|---|---|
| 001 | WB3439-01 | ||
| 008 | 090401t1998 xxu||||| |||| 00| 0 eng d | ||
| 035 | _a(Sirsi) u89001 | ||
| 041 | _aeng | ||
| 245 | _aRising sea `threatens 500,000 homes` | ||
| 260 | _c1998 | ||
| 350 | _a0 | ||
| 490 |
_aGuardian _v14 October 1998, 11(1) |
||
| 520 | _aHundreds of millions of pounds must be spent to save the homes of the 500,000 people living below the high water mark on the Humber Estuary. Rising sea levels and badly sited buildings have led to defences being destroyed. | ||
| 650 | _aCONCRETE STRUCTURES | ||
| 650 | _aHUMBER ESTUARY | ||
| 650 | _aSEA DEFENCES | ||
| 650 | _aSEA LEVELS | ||
| 650 | _aWORLD WILDLIFE FUND | ||
| 690 | _aBUILT ENVIRONMENT-BUILDING PATHOLOGY | ||
| 942 | _n0 | ||
| 948 | _c15/10/1998 | ||
| 999 |
_c56283 _d56283 |
||